000 00394 a2200181 4500
260 _bAssociation pour la Promotion Industrie Agriculture
300 _a52p.
245 _aLes Produits nouveaux alimentaires
650 _a
260 _aParis
300 _bIll.
260 _c1980
130 _lFr
710 _aAPRIA
690 _aproduit alimentaire
999 _c26970
_d26970